| 000 | 01148cam a2200313 4500 | ||
|---|---|---|---|
| 001 | ABS65759 | ||
| 008 | 020805n2002 000 0 eng u | ||
| 035 | _a(Sirsi) u119179 | ||
| 100 | _aJones, G | ||
| 245 | _aPlanning law update | ||
| 260 | _c2002 | ||
| 490 |
_aSolicitors' Journal _v146(22) 14 June 2002, 531-532 (2) |
||
| 520 | _aDiscusses recent case law concerning: challenging planning decisions by way of judicial review; the impact of the Human Rights Act 1998 upon planning law; gypsies; environmental impact assessment; material change of use; estoppel; bias. | ||
| 590 | _aABS | ||
| 650 | _aJUDICIAL REVIEW | ||
| 650 | _aCHALLENGING DECISIONS | ||
| 650 | _aPLANNING DECISIONS | ||
| 650 | _aHUMAN RIGHTS ACT 1998 | ||
| 650 | _aGYPSIES | ||
| 650 | _aENVIRONMENTAL IMPACT ASSESSMENTS | ||
| 650 | _aMATERIAL CHANGE OF USE | ||
| 650 | _aESTOPPEL | ||
| 650 | _aBIAS | ||
| 650 | _aR V HAMMERSMITH AND FULHAM LBC EX P BURKETT | ||
| 650 | _aR V SOS ENVIRONMENT, TRANSPORT AND THE REGIONS EX P ALCONBURY DEVELOPMENTS | ||
| 650 | _aBOVIS HOMES V NEW FOREST DC | ||
| 690 |
_aPlanning and development _96259 |
||
| 942 | _n0 | ||
| 999 |
_c70897 _d70897 |
||